Bad headnship (Record no. 136434)

MARC details
000 -LEADER
fixed length control field 00356nam a2200145Ia 4500
008 - FIXED-LENGTH DATA ELEMENTS--GENERAL INFORMATION
fixed length control field 230917s9999||||xx |||||||||||||| ||und||
040 ## - CATALOGING SOURCE
-- 113974
Original cataloging agency VIVEKANANDA LIBRARY
041 ## - Language
-- English
082 ## - DDC NUMBER
Classification number 658.4092 K281B
100 ## - MAIN ENTRY--PERSONAL NAME
Personal name Kellerman,Barbara
245 #0 - TITLE STATEMENT
Title Bad headnship
260 ## - PUBLICATION, DISTRIBUTION, ETC. (IMPRINT)
Place of publication, distribution, etc Boston
Name of publisher, distributor, etc Harvard business school
Date of publication, distribution, etc 2004
300 ## - PHYSICAL DESCRIPTION
Pages 282p. p.
942 ## - ADDED ENTRY ELEMENTS (KOHA)
Koha item type Books
Holdings
Withdrawn status Lost status Damaged status Not for loan Location (home branch) Sublocation or collection (holding branch) Date acquired Koha issues (times borrowed) Koha full call number Accession No. Koha date last seen Koha item type
        VIVEKANANDA LIBRARY VIVEKANANDA LIBRARY 18/03/2008 1 658.4092 K281B 237350 11/10/2024 Books
© Designed and Maintained by Vivekananda Library, MDU Rohtak